| 000 | 00346nam a2200133Ia 4500 | ||
|---|---|---|---|
| 008 | 231017s9999 xx 000 0 und d | ||
| 082 | _a625.8502 | ||
| 082 | _bSEB | ||
| 245 | 0 | _aEvaluation of New Pavement Technologies in Nevada | |
| 245 | 0 | _cUniversity of Nevada Reno | |
| 260 | _bUniversity of Nevada Reno | ||
| 300 | _c30cm | ||
| 942 | _cREP | ||
| 999 |
_c604575 _d604575 |
||